[Event "WYCC U18 Girls 2013"]
[Site "Al-Ain UAE"]
[Date "2013.12.19"]
[Round "2.18"]
[White "Soyunlu, Narmin"]
[Black "Dragieva, Denitza"]
[Result "1/2-1/2"]
[BlackTitle "WFM"]
[WhiteElo "1908"]
[BlackElo "2095"]
[WhiteFideId "13400843"]
[BlackFideId "2907232"]
[EventDate "2013.12.18"]

1. d4 d5 2. c4 e6 3. Nc3 c5 4. cxd5 exd5 5. Nf3 Nc6 6. g3 Nf6 7. Bg2 Be7 8. O-O
O-O 9. Bg5 c4 10. Ne5 Be6 11. Nxc6 bxc6 12. b3 Qa5 13. Qd2 Rad8 14. bxc4 dxc4
15. Bxc6 Bb4 16. Rac1 Qb6 17. Bxf6 gxf6 18. Bg2 Qxd4 19. Qc2 Qxc3 20. Qxc3 Bxc3
21. Rxc3 Rd2 22. Ra3 Rb8 23. Rc1 Rbb2 24. Bf1 Rxa2 25. Rxa2 Rxa2 26. e4 c3 27.
Rxc3 Ra1 28. Kg2 a5 29. Bc4 a4 30. Bxe6 fxe6 31. Rc7 a3 32. Ra7 a2 33. Kf3 Kf8
34. Kg4 Ke8 35. h4 Re1 36. Rxa2 Rxe4+ 1/2-1/2

[Event "WYCC U18 Girls 2013"]
[Site "Al-Ain UAE"]
[Date "2013.12.19"]
[Round "2.19"]
[White "Nevioselaya, Maria"]
[Black "Lalaoui, Feriel"]
[Result "1-0"]
[BlackTitle "WCM"]
[WhiteElo "2088"]
[BlackElo "1754"]
[WhiteFideId "13502280"]
[BlackFideId "7900481"]
[EventDate "2013.12.18"]

1. e4 e5 2. Nf3 Nc6 3. Bb5 a6 4. Ba4 Nf6 5. O-O Be7 6. Re1 b5 7. Bb3 d6 8. c3
O-O 9. h3 Na5 10. Bc2 c5 11. d4 Qc7 12. d5 Bd7 13. b3 Nb7 14. c4 Rfe8 15. Nbd2
g6 16. Nf1 Nh5 17. Be3 Nd8 18. Qd2 f5 19. exf5 gxf5 20. Bg5 Nf7 21. Bxe7 Rxe7
22. Nh4 Ng7 23. Ng3 Qc8 24. Qe2 f4 25. Ne4 Ne8 26. Qh5 Nd8 27. Ng5 Nf6 28. Qh6
Rg7 29. Qxf6 1-0

[Event "WYCC U18 Girls 2013"]
[Site "Al-Ain UAE"]
[Date "2013.12.19"]
[Round "2.20"]
[White "Foster, Chantelle L"]
[Black "Botez, Alexandra"]
[Result "0-1"]
[BlackTitle "WFM"]
[WhiteElo "1901"]
[BlackElo "2086"]
[WhiteFideId "408476"]
[BlackFideId "2603365"]
[EventDate "2013.12.18"]

1. e4 e6 2. d4 d5 3. Nd2 Nf6 4. e5 Nfd7 5. Bd3 c5 6. c3 Nc6 7. Ne2 cxd4 8. cxd4
f6 9. exf6 Nxf6 10. O-O Bd6 11. Nf3 O-O 12. Bg5 Qc7 13. Rc1 Bd7 14. Nc3 a6 15.
Bh4 Bf4 16. Rc2 Be8 17. Bg3 Bh5 18. Be2 Bxg3 19. hxg3 Qb6 20. Rd2 Rae8 21. Na4
Qa7 22. Nc5 Bxf3 23. Bxf3 Nxd4 24. Rxd4 Qxc5 25. Qd2 Re7 26. Rc1 Qd6 27. g4 Ne8
28. g5 g6 29. Re1 Nc7 30. Be4 Ref7 31. Bf3 Rf5 32. Re2 Re5 33. Bg4 Rxe2 34. Qxe2
e5 35. Rd3 Nb5 36. Qd2 Nd4 37. Rc3 Qe7 38. Rg3 Rf4 39. Bh3 Re4 40. Bg4 Rf4 41.
Qd1 Kg7 42. Bh3 Re4 43. Kf1 Qb4 44. b3 Nc2 0-1

[Event "WYCC U18 Girls 2013"]
[Site "Al-Ain UAE"]
[Date "2013.12.19"]
[Round "2.21"]
[White "Bezkorovaina, Mariia"]
[Black "Van Niekerk, Robyn Julian"]
[Result "1-0"]
[WhiteElo "2081"]
[BlackElo "1459"]
[WhiteFideId "14116324"]
[BlackFideId "14305020"]
[EventDate "2013.12.18"]

1. e4 c5 2. Nc3 Nc6 3. g3 Nf6 4. Bg2 e6 5. f4 d5 6. e5 Nd7 7. Nf3 Be7 8. O-O O-O
9. Qe2 a6 10. a4 Qc7 11. d3 Rb8 12. b3 b5 13. axb5 axb5 14. Bb2 c4 15. d4 Qb6
16. Nd1 cxb3 17. cxb3 Ba6 18. Ne3 Ra8 19. Rf2 Rfe8 20. f5 b4 21. Qd1 Ncxe5 22.
Nxe5 Nxe5 23. f6 gxf6 24. dxe5 Qxe3 25. exf6 Bf8 26. Bd4 Qd3 27. Qg4+ Qg6 28.
Qh4 Bb5 29. Re1 Bd6 30. Bf3 Kh8 31. Bh5 Qg8 32. Be3 Qf8 33. Qg5 Bd3 34. Qg7+
Qxg7 35. fxg7+ Kxg7 36. Rxf7+ Kg8 37. Bd4 Be4 38. Rg7+ Kf8 39. Rf1+ Bf5 40. Bxe8
Kxe8 41. Rg8+ Kd7 42. Rxa8 1-0

[Event "WYCC U18 Girls 2013"]
[Site "Al-Ain UAE"]
[Date "2013.12.19"]
[Round "2.25"]
[White "Lepeskaite, Migle"]
[Black "Alymbay, Kyzy Aizhan"]
[Result "0-1"]
[WhiteElo "1810"]
[BlackElo "1814"]
[WhiteFideId "12803065"]
[BlackFideId "13800043"]
[EventDate "2013.12.18"]

1. d4 d5 2. c4 e6 3. Nc3 Nf6 4. cxd5 exd5 5. Bg5 c6 6. e3 Nbd7 7. Qc2 Be7 8. Bd3
O-O 9. Nf3 Re8 10. h3 Nf8 11. O-O-O a5 12. Kb1 Be6 13. g4 b5 14. Ne5 Rc8 15. f4
N6d7 16. Bxe7 Qxe7 17. Nxc6 Rxc6 18. Bxb5 Nb8 19. Bxc6 Nxc6 20. f5 Nb4 21. Qa4
Bd7 22. Qxa5 Rb8 23. Nxd5 Qe4+ 24. Ka1 Nc2+ 25. Kb1 Na3+ 26. Ka1 Qb1+ 27. Rxb1
Nc2# 0-1

[Event "WYCC U18 Girls 2013"]
[Site "Al-Ain UAE"]
[Date "2013.12.19"]
[Round "2.27"]
[White "Kuckling, Hannah"]
[Black "Abeer, Ali"]
[Result "1-0"]
[WhiteElo "1993"]
[BlackElo "1655"]
[WhiteFideId "24603660"]
[BlackFideId "9302930"]
[EventDate "2013.12.18"]

1. e4 c6 2. d4 g6 3. Nc3 Bg7 4. f4 d5 5. e5 Nh6 6. Be3 O-O 7. Qd2 f6 8. h3 Nf5
9. Bf2 Nd7 10. g4 Nh6 11. Nf3 Nb6 12. b3 Qc7 13. Be2 Nf7 14. O-O-O Qd8 15. Rdg1
e6 16. h4 fxe5 17. dxe5 Nh8 18. h5 h6 19. Bd3 g5 20. Nxg5 hxg5 21. h6 Bxe5 22.
fxe5 Qe7 23. Be3 Nf7 24. Rh5 Nxe5 25. Rxg5+ Kh8 26. Rxe5 c5 27. Bg5 Qd6 28. Bf4
Qe7 29. Rg5 Nd7 30. Rg7 Qf6 31. Bd6 Re8 32. Rf1 1-0

[Event "WYCC U18 Girls 2013"]
[Site "Al-Ain UAE"]
[Date "2013.12.19"]
[Round "2.28"]
[White "Orlina, Laura"]
[Black "Serbanescu, Diana-Maria"]
[Result "0-1"]
[WhiteElo "1694"]
[BlackElo "1989"]
[WhiteFideId "11601655"]
[BlackFideId "1200550"]
[EventDate "2013.12.18"]

1. e4 e5 2. Nf3 d6 3. Nc3 Nd7 4. d4 c6 5. Be3 Be7 6. Qd2 Ngf6 7. h3 Qc7 8. Bc4
O-O 9. a4 b6 10. g4 exd4 11. Nxd4 Nc5 12. f3 Rb8 13. g5 Nh5 14. Rg1 Rd8 15. f4
Nxe4 16. Bxf7+ Kxf7 17. Nxe4 d5 18. Qe2 g6 19. f5 c5 20. Nb5 Qe5 21. f6 Bf8 22.
Nf2 Re8 23. Ng4 Bxg4 24. Qxg4 Qxe3+ 25. Kd1 Qe6 26. Qf3 Bd6 27. Ra3 Rbd8 28.
Nxa7 Bb8 29. Nb5 Qe4 30. Qf2 Qe5 31. a5 Qxb2 32. axb6 Qxb5 0-1

[Event "WYCC U18 Girls 2013"]
[Site "Al-Ain UAE"]
[Date "2013.12.19"]
[Round "2.29"]
[White "Mendez Tovar, Jessica Yissel"]
[Black "Voges, Rachelle Mari"]
[Result "1-0"]
[WhiteTitle "WFM"]
[BlackTitle "WCM"]
[WhiteElo "1887"]
[BlackElo "1634"]
[WhiteFideId "5113580"]
[BlackFideId "14308908"]
[EventDate "2013.12.18"]

1. d4 Nf6 2. c4 g6 3. Nc3 Bg7 4. e4 d6 5. Nf3 O-O 6. Be2 e5 7. O-O Nc6 8. d5 Ne7
9. b4 Nd7 10. Be3 f5 11. Ng5 Nf6 12. f3 Bh6 13. Bd2 f4 14. Ne6 Bxe6 15. dxe6 Re8
16. c5 dxc5 17. bxc5 Qd4+ 18. Kh1 Qxc5 19. Rc1 Qd6 20. Nb5 Qd8 21. Bb4 Bg5 22.
Nxc7 Rc8 23. Qxd8 Rcxd8 24. Bb5 1-0

[Event "WYCC U18 Girls 2013"]
[Site "Al-Ain UAE"]
[Date "2013.12.19"]
[Round "2.30"]
[White "Schucman, Rebeca Lot"]
[Black "Anjana Krishna, S"]
[Result "0-1"]
[WhiteElo "1672"]
[BlackElo "1877"]
[WhiteFideId "2140691"]
[BlackFideId "5046424"]
[EventDate "2013.12.18"]

1. e4 d5 2. exd5 Qxd5 3. d4 c6 4. c4 Qd8 5. Nc3 Nf6 6. h3 Bf5 7. Qb3 Qc7 8. Bf4
Qb6 9. c5 Qxb3 10. axb3 Nbd7 11. b4 Ne4 12. b5 e5 13. bxc6 bxc6 14. dxe5 Bxc5
15. Nxe4 Bxe4 16. Nf3 O-O 17. Be2 Bb4+ 18. Kf1 Rfe8 19. Ra4 a5 20. Kg1 Bd5 21.
Kh2 f6 22. Be3 Nxe5 23. Nxe5 Rxe5 24. Rd1 Bb3 25. Raa1 Bxd1 26. Bxd1 Bc5 27. Bf4
Rf5 28. Bg3 Bxf2 29. Bb3+ Kh8 30. Bd6 Bd4 31. Ba3 Rb5 32. Ba4 Rb6 33. b3 Be5+ 0-1

[Event "WYCC U18 Girls 2013"]
[Site "Al-Ain UAE"]
[Date "2013.12.19"]
[Round "2.32"]
[White "Yousfi, Yasmine"]
[Black "Xiao, Alice Huanyi"]
[Result "1-0"]
[WhiteElo "1649"]
[BlackElo "1874"]
[WhiteFideId "7904134"]
[BlackFideId "2612550"]
[EventDate "2013.12.18"]

1. c4 Nf6 2. Nc3 e6 3. g3 d5 4. Bg2 d4 5. Nb5 Nc6 6. Nf3 a6 7. Na3 Be7 8. O-O
O-O 9. d3 e5 10. Nc2 h6 11. a3 Nh7 12. b4 Ng5 13. b5 Nxf3+ 14. Bxf3 axb5 15.
cxb5 Na5 16. Rb1 Be6 17. Nb4 Rc8 18. Bd2 c5 19. bxc6 Nxc6 20. Nxc6 bxc6 21. Qa4
Bd5 22. Bxd5 Qxd5 23. Bb4 c5 24. Bd2 e4 25. dxe4 Qxe4 26. Qc4 Qe6 27. Rfc1 Ra8
28. a4 Rfc8 29. Rb7 Bf8 30. e3 Qe8 31. Ra1 d3 32. a5 Rd8 33. a6 Qe6 34. Qb5 c4
35. a7 Bd6 36. Ba5 Rdc8 37. Bc3 f6 38. Ra6 Kh7 39. Rb8 Rxa7 40. Rxc8 Qxc8 41.
Rxa7 d2 42. Qb1+ Kh8 43. Bxd2 c3 44. Bxc3 1-0

[Event "WYCC U18 Girls 2013"]
[Site "Al-Ain UAE"]
[Date "2013.12.19"]
[Round "2.33"]
[White "Machlik, Edit"]
[Black "Senarath, Kavindi"]
[Result "1-0"]
[WhiteElo "1855"]
[BlackElo "1617"]
[WhiteFideId "1513591"]
[BlackFideId "9904344"]
[EventDate "2013.12.18"]

1. d4 Nf6 2. c4 g6 3. Nc3 Bg7 4. e4 d6 5. f4 e6 6. Nf3 O-O 7. Be2 Nbd7 8. O-O b6
9. Re1 Bb7 10. Bf1 Re8 11. h3 e5 12. fxe5 dxe5 13. d5 Qe7 14. Bg5 a6 15. a3 Rad8
16. b4 Nb8 17. Qb3 h6 18. Bh4 g5 19. Bf2 Nbd7 20. Rad1 Nh5 21. Na4 Nf4 22. Rd2
Qf8 23. Qc2 Bf6 24. c5 bxc5 25. bxc5 Nb8 26. Rb1 Ba8 27. c6 Bg7 28. Bc5 Re7 29.
Bxe7 Qxe7 30. d6 Rxd6 31. Rxb8+ 1-0

[Event "WYCC U18 Girls 2013"]
[Site "Al-Ain UAE"]
[Date "2013.12.19"]
[Round "2.34"]
[White "De Silva, Shelani"]
[Black "Korbovljanovic, Natasa"]
[Result "0-1"]
[WhiteElo "1633"]
[BlackElo "1854"]
[WhiteFideId "9909745"]
[BlackFideId "900486"]
[EventDate "2013.12.18"]

1. e4 d6 2. d4 Nf6 3. Bd3 g6 4. f4 Bg7 5. Nf3 Nbd7 6. O-O O-O 7. c4 c5 8. d5 e6
9. Nc3 a6 10. a4 Ne8 11. Be3 Nc7 12. Qe1 Re8 13. Rd1 exd5 14. cxd5 Rb8 15. Qf2
b5 16. axb5 axb5 17. e5 b4 18. exd6 bxc3 19. dxc7 Qxc7 20. bxc3 Bxc3 21. f5 Nf6
22. fxg6 fxg6 23. h3 Rb2 24. Nd2 Rxe3 25. Bc4 Kg7 26. Kh1 Bd4 27. Qh4 Qg3 28.
Qxg3 Rxg3 29. Nf3 Rgxg2 30. Rfe1 Bxh3 31. Bf1 Ng4 0-1

[Event "WYCC U18 Girls 2013"]
[Site "Al-Ain UAE"]
[Date "2013.12.19"]
[Round "2.35"]
[White "Ruiz Olate, Emily Andrea"]
[Black "Amra, Tasnim"]
[Result "1-0"]
[BlackTitle "WFM"]
[WhiteElo "1851"]
[BlackElo "1570"]
[WhiteFideId "3413535"]
[BlackFideId "14300222"]
[EventDate "2013.12.18"]

1. e4 e5 2. Nf3 Nc6 3. Bb5 a6 4. Ba4 Nf6 5. O-O Be7 6. Re1 b5 7. Bb3 d6 8. c3
Bg4 9. h3 Bh5 10. d3 O-O 11. Nbd2 Na5 12. Bc2 c5 13. Nf1 Bg6 14. Ng3 h6 15. Nh4
Nh7 16. Nxg6 fxg6 17. Qg4 Rf6 18. b4 cxb4 19. cxb4 Nc6 20. Bb3+ Kh8 21. Bd5 Nxb4
22. Bxa8 Nxd3 23. Bd5 Nxe1 24. Qe2 Nxg2 25. Kxg2 Nf8 26. Qg4 Nd7 27. a4 b4 28.
a5 Nc5 29. Qe2 Qc7 30. Bd2 b3 31. Rb1 Bd8 32. Bb4 Qa7 33. Bxc5 Qxc5 34. Rxb3
Qxa5 35. Rf3 Rf4 36. Rxf4 exf4 37. Qg4 Qc7 38. Qe6 f3+ 39. Kh2 Qe7 40. Qg8# 1-0

[Event "WYCC U18 Girls 2013"]
[Site "Al-Ain UAE"]
[Date "2013.12.19"]
[Round "2.36"]
[White "El, Kader Maria"]
[Black "Nouman, Amna"]
[Result "1-0"]
[BlackTitle "WFM"]
[WhiteElo "1619"]
[BlackElo "1833"]
[WhiteFideId "14137380"]
[BlackFideId "9301500"]
[EventDate "2013.12.18"]

1. e4 e5 2. Nf3 Nc6 3. Bb5 a6 4. Ba4 Nf6 5. Bxc6 dxc6 6. d3 Bd6 7. Nbd2 h6 8.
O-O Qe7 9. Nc4 Bd7 10. Be3 g5 11. d4 exd4 12. Bxd4 Bc5 13. e5 Bxd4 14. Qxd4 1-0

[Event "WYCC U18 Girls 2013"]
[Site "Al-Ain UAE"]
[Date "2013.12.19"]
[Round "2.37"]
[White "Ruhlmann, Helene"]
[Black "Strasevici, Ana"]
[Result "1-0"]
[WhiteElo "1830"]
[BlackElo "1496"]
[WhiteFideId "20643209"]
[BlackFideId "13907042"]
[EventDate "2013.12.18"]

1. d4 Nf6 2. Nf3 g6 3. g3 Bg7 4. c4 d6 5. Bg2 O-O 6. Nc3 c6 7. h3 Nbd7 8. O-O
Qc7 9. Re1 Ne8 10. e4 e5 11. Be3 f5 12. Qd2 Ndf6 13. Bg5 Nh5 14. exf5 gxf5 15.
dxe5 dxe5 16. Bh6 f4 17. Bxg7 Nexg7 18. g4 Nf6 19. Rxe5 h5 20. g5 Nh7 21. Rae1
Bf5 22. Re7 Qb6 23. Na4 Qa6 24. Qd4 Rf7 25. Nc5 Qb6 26. Rxf7 Kxf7 27. g6+ Kg8
28. gxh7+ Bxh7 29. Ng5 Rd8 30. Qf6 Rd2 31. Qf7+ Kh8 32. Re8+ Nxe8 33. Qxh7# 1-0

[Event "WYCC U18 Girls 2013"]
[Site "Al-Ain UAE"]
[Date "2013.12.19"]
[Round "2.38"]
[White "Dewanthi, A H Chamika"]
[Black "Durmaz, Ayca Fatma"]
[Result "0-1"]
[BlackTitle "WCM"]
[WhiteElo "1584"]
[BlackElo "1799"]
[WhiteFideId "9906304"]
[BlackFideId "6317855"]
[EventDate "2013.12.18"]

1. e4 c5 2. Nf3 Nc6 3. d4 cxd4 4. Nxd4 Nf6 5. Nc3 e6 6. Ndb5 Bb4 7. Nd6+ Ke7 8.
Bf4 e5 9. Nf5+ Kf8 10. Bg5 d5 11. a3 Bxc3+ 12. bxc3 Qa5 13. exd5 Bxf5 14. dxc6
Qxc3+ 15. Bd2 Qxc6 16. Bb4+ Kg8 17. c4 h6 18. f3 e4 19. Be2 exf3 20. gxf3 Re8
21. Kf2 Kh7 22. Rg1 Rd8 23. Qc1 Rhe8 24. Qf4 Bg6 25. Rg2 Nh5 26. Qh4 Qe6 27. Re1
Qe3+ 28. Kf1 Nf4 29. Rf2 Nxe2 30. Rexe2 Rd1+ 31. Kg2 Qxe2 32. Rxe2 Rxe2+ 33. Kg3
Rg1+ 34. Kf4 Bd3 35. Be7 g5+ 36. Bxg5 Rxg5 37. Qh3 Rf5+ 38. Kg4 Rf2 39. Qh4
R2xf3 40. Qg3 Rxg3+ 41. hxg3 h5+ 0-1

[Event "WYCC U18 Girls 2013"]
[Site "Al-Ain UAE"]
[Date "2013.12.19"]
[Round "2.40"]
[White "Kulatunga, Dinithi"]
[Black "Comas Colon, Rinelly M."]
[Result "1-0"]
[BlackTitle "WFM"]
[WhiteElo "1503"]
[BlackElo "1790"]
[WhiteFideId "9913440"]
[BlackFideId "3101576"]
[EventDate "2013.12.18"]

1. d4 g6 2. c4 Bg7 3. Nc3 Nf6 4. e4 d6 5. Nf3 O-O 6. Be2 c5 7. d5 a6 8. O-O Qc7
9. a3 b6 10. Rb1 e6 11. Bd2 exd5 12. exd5 Bf5 13. Rc1 Re8 14. Nh4 Bd7 15. b4 Ra7
16. Rb1 Ne4 17. Nxe4 Rxe4 18. Nf3 Re8 19. Bd3 Rb7 20. Be3 a5 21. Qd2 axb4 22.
axb4 Na6 23. bxc5 Nxc5 24. Be2 Ne4 25. Qc2 Nc3 26. Rbc1 Ba4 27. Qd3 Nxe2+ 28.
Qxe2 Qe7 29. Qa2 b5 30. cxb5 Bxb5 31. Rfe1 Qd7 32. Nd4 Qg4 33. Nxb5 Rxb5 34. Rb1
Rxb1 35. Rxb1 Qd7 36. Qa6 Qc8 37. Qa2 Qc3 38. g3 Bd4 39. Qa4 Re4 40. Rd1 Bxe3
41. Qxe4 Bc5 42. Qd3 Qf6 43. Qe2 h5 44. h4 1-0

[Event "WYCC U18 Girls 2013"]
[Site "Al-Ain UAE"]
[Date "2013.12.20"]
[Round "3.1"]
[White "Saduakassova, Dinara"]
[Black "Lezhepekova, Veronika"]
[Result "1-0"]
[WhiteTitle "WGM"]
[BlackTitle "WFM"]
[WhiteElo "2357"]
[BlackElo "2121"]
[WhiteFideId "13700090"]
[BlackFideId "24146137"]
[EventDate "2013.12.18"]

1. e4 c5 2. Nf3 Nc6 3. Bb5 Qc7 4. O-O d6 5. h3 Bd7 6. c3 Nf6 7. Re1 g6 8. d4
cxd4 9. cxd4 Bg7 10. Nc3 O-O 11. e5 Ne8 12. Nd5 Qd8 13. Bg5 f6 14. Bxc6 Bxc6 15.
Nxe7+ Qxe7 16. exf6 Qf7 17. fxg7 Nxg7 18. Re7 Qf5 19. Bh6 Rf7 20. Rxf7 Qxf7 21.
Nh2 Qd5 22. Qb3 Qxb3 23. axb3 Nf5 24. Be3 Re8 25. Nf1 a6 26. Rc1 Kf7 27. g4 Nh4
28. Kh2 Bd5 29. Rc7+ Re7 1-0

[Event "WYCC U18 Girls 2013"]
[Site "Al-Ain UAE"]
[Date "2013.12.20"]
[Round "3.4"]
[White "Nevioselaya, Maria"]
[Black "Rodriguez Rueda, Paula Andrea"]
[Result "0-1"]
[BlackTitle "WIM"]
[WhiteElo "2088"]
[BlackElo "2257"]
[WhiteFideId "13502280"]
[BlackFideId "4404564"]
[EventDate "2013.12.18"]

1. e4 c5 2. Nf3 e6 3. d4 cxd4 4. Nxd4 a6 5. Be3 Qc7 6. Bd3 Nc6 7. O-O Nf6 8. Nc3
Ne5 9. h3 Bc5 10. Qe2 d6 11. Kh1 O-O 12. Rae1 b5 13. f4 Ng6 14. Qf2 Bb7 15. a3
Rac8 16. Nb3 Bxe3 17. Qxe3 e5 18. f5 Nf4 19. g3 Nxd3 20. Qxd3 Bc6 21. Kh2 Rfd8
22. Qe3 a5 23. Nd2 b4 24. axb4 axb4 25. Na2 Bb5 26. Rf2 Qxc2 27. Nxb4 Qxb2 28.
Rb1 Qc3 29. Qg5 h6 30. Qh4 Qe3 31. Kg2 Bd3 32. Nxd3 Qxd3 33. Re1 Rc2 34. Ree2
Rb8 35. g4 Nxe4 36. f6 Nxf2 37. Rxf2 Rxd2 0-1

[Event "WYCC U18 Girls 2013"]
[Site "Al-Ain UAE"]
[Date "2013.12.20"]
[Round "3.5"]
[White "Ibrahimova, Sabina"]
[Black "Bezkorovaina, Mariia"]
[Result "1/2-1/2"]
[WhiteTitle "WIM"]
[WhiteElo "2205"]
[BlackElo "2081"]
[WhiteFideId "13403893"]
[BlackFideId "14116324"]
[EventDate "2013.12.18"]

1. e4 g6 2. d4 Bg7 3. Nc3 c6 4. Nf3 d5 5. h3 dxe4 6. Nxe4 Nf6 7. Bd3 O-O 8. O-O
Nbd7 9. Nxf6+ Nxf6 10. Qe2 b6 11. Re1 e6 12. Bd2 Bb7 13. Rad1 Qd6 14. Bc1 c5 15.
dxc5 Qxc5 16. c4 Rad8 17. a3 Qh5 18. Ne5 Qxe2 19. Bxe2 Ne4 20. Nd7 Rfe8 21. Bf3
Bc6 22. Bxe4 Bxd7 23. b3 Bc3 24. Bd2 Bxd2 25. Rxd2 Bc8 26. Red1 Rxd2 27. Rxd2
Kg7 28. b4 f5 29. Bc6 Re7 30. f4 Kf6 31. Rd6 g5 32. g3 gxf4 33. gxf4 Bb7 34. Kf2
Bxc6 35. Rxc6 Rd7 36. Ke3 1/2-1/2

[Event "WYCC U18 Girls 2013"]
[Site "Al-Ain UAE"]
[Date "2013.12.20"]
[Round "3.6"]
[White "Botez, Alexandra"]
[Black "Xiao, Yiyi"]
[Result "1/2-1/2"]
[WhiteTitle "WFM"]
[BlackTitle "WFM"]
[WhiteElo "2086"]
[BlackElo "2163"]
[WhiteFideId "2603365"]
[BlackFideId "8606161"]
[EventDate "2013.12.18"]

1. d4 Nf6 2. Nf3 e6 3. e3 d5 4. Bd3 c5 5. b3 Nc6 6. Bb2 Be7 7. Nbd2 O-O 8. dxc5
Bxc5 9. a3 Bd6 10. c4 Re8 11. Qc2 h6 12. O-O Bd7 13. Rfd1 Rc8 14. e4 Ng4 15.
exd5 exd5 16. Nf1 Qb6 17. Bh7+ Kh8 18. Rxd5 Ne7 19. Bd4 Qc7 20. Rh5 Nc6 21. Bc3
Nce5 22. Nxe5 Bxe5 23. Bxe5 Rxe5 24. Rxe5 Qxe5 25. Rd1 Be6 26. Be4 b5 27. Qd3
Qf6 28. Qd4 bxc4 29. bxc4 Qxd4 30. Rxd4 Ne5 31. c5 g6 32. f4 Nc4 33. c6 Nxa3 34.
Ne3 Nb5 35. Rd2 1/2-1/2

[Event "WYCC U18 Girls 2013"]
[Site "Al-Ain UAE"]
[Date "2013.12.20"]
[Round "3.7"]
[White "Castrillon Gomez, Melissa"]
[Black "Vujnovic, Patricija"]
[Result "1-0"]
[WhiteTitle "WIM"]
[WhiteElo "2155"]
[BlackElo "2081"]
[WhiteFideId "4402413"]
[BlackFideId "14502313"]
[EventDate "2013.12.18"]

1. e4 c6 2. c4 d5 3. exd5 cxd5 4. cxd5 Nf6 5. Qa4+ Nbd7 6. Nc3 g6 7. Bc4 Bg7 8.
d3 O-O 9. Nf3 Nb6 10. Qb3 Bg4 11. Ne5 Qd6 12. d4 Bf5 13. O-O a6 14. a4 Rad8 15.
a5 Nbxd5 16. Qxb7 Nb4 17. Bf4 Qxd4 18. Qxb4 Nh5 19. Ne2 Qe4 20. f3 Qa8 21. Ng4
Nxf4 22. Nxf4 Rd4 23. Ne2 Rb8 24. Qa4 Rd2 25. b3 h5 26. Nf2 Bxa1 27. Qxa1 Qa7
28. Kh1 Qe3 29. Nd1 Qc5 30. Ndc3 Qe3 31. Ng3 Bd3 32. Nd5 1-0

[Event "WYCC U18 Girls 2013"]
[Site "Al-Ain UAE"]
[Date "2013.12.20"]
[Round "3.8"]
[White "Unapkoshvili, Nani"]
[Black "Juhasz, Barbara"]
[Result "0-1"]
[BlackTitle "WFM"]
[WhiteElo "2081"]
[BlackElo "2152"]
[WhiteFideId "13605518"]
[BlackFideId "743585"]
[EventDate "2013.12.18"]

1. d4 Nf6 2. c4 g6 3. Nf3 Bg7 4. g3 c6 5. Bg2 d5 6. Qb3 Qb6 7. Nc3 O-O 8. c5
Qxb3 9. axb3 Na6 10. O-O Bf5 11. h3 Nd7 12. Bf4 Rfe8 13. Ra5 Bc2 14. Rc1 Be4 15.
Nxe4 dxe4 16. Ne5 Nxe5 17. Bxe5 f6 18. Bf4 f5 19. Ra4 e5 20. Bxe5 Bxe5 21. dxe5
Rxe5 22. b4 Nc7 23. e3 a6 24. Rd1 Rd5 25. Rxd5 Nxd5 26. Bf1 Rd8 27. Bc4 Kg7 28.
Bb3 Nc7 29. Kf1 Rd2 30. Ra2 Kf6 31. Ke1 Rd8 32. h4 Ke5 33. Ra1 h6 34. Ke2 Kf6
35. Rf1 h5 36. f3 exf3+ 37. Rxf3 Nd5 38. Bxd5 Rxd5 39. Rf4 Ke5 40. Rc4 Ke6 41.
e4 Rd8 42. exf5+ gxf5 43. Ke3 Ke5 44. b3 Rd1 45. Rc2 Rd4 46. Rc4 Re4+ 47. Kd3
Rxc4 48. bxc4 f4 49. gxf4+ Kxf4 50. Kd4 Kg4 51. Ke5 Kxh4 52. Kd6 Kg5 53. Kc7 h4
54. Kxb7 h3 55. Kxc6 h2 56. Kb6 h1=Q 57. c6 Kf6 58. b5 axb5 59. cxb5 Ke6 60. Ka7
Qa1+ 61. Kb6 Kd6 0-1

[Event "WYCC U18 Girls 2013"]
[Site "Al-Ain UAE"]
[Date "2013.12.20"]
[Round "3.9"]
[White "Navrotescu, Andreea-Cristiana"]
[Black "Marikova, Jana"]
[Result "0-1"]
[WhiteTitle "WFM"]
[WhiteElo "2147"]
[BlackElo "2062"]
[WhiteFideId "675946"]
[BlackFideId "334138"]
[EventDate "2013.12.18"]

1. d4 Nf6 2. c4 g6 3. Nc3 Bg7 4. e4 d6 5. Be2 O-O 6. Nf3 e5 7. Be3 exd4 8. Nxd4
Re8 9. f3 Nbd7 10. Qd2 Ne5 11. O-O a6 12. Rad1 Qe7 13. Bg5 Be6 14. b3 Nc6 15.
Nxc6 bxc6 16. c5 h6 17. Bxh6 dxc5 18. Bxg7 Kxg7 19. Qe3 a5 20. Na4 c4 21. bxc4
Rab8 22. Rb1 Rb4 23. Rxb4 Qxb4 24. Qb3 Qd2 25. Rf2 Rd8 26. Bf1 Qd4 27. Nb2 Nd7
28. Qd3 Qc5 29. Qc3+ f6 30. Nd1 Ne5 31. Nb2 Rd4 32. Na4 Qa7 33. Qa3 Nxc4 34.
Qe7+ Bf7 35. Nc5 Rd6 36. Rc2 Qxc5+ 0-1

[Event "WYCC U18 Girls 2013"]
[Site "Al-Ain UAE"]
[Date "2013.12.20"]
[Round "3.10"]
[White "Aranaz Murillo, Amalia"]
[Black "Duessler, Stefanie"]
[Result "1-0"]
[WhiteTitle "WIM"]
[WhiteElo "2262"]
[BlackElo "2046"]
[WhiteFideId "22200371"]
[BlackFideId "4634780"]
[EventDate "2013.12.18"]

1. Nf3 f5 2. c4 g6 3. g3 Bg7 4. d4 Nf6 5. b4 c6 6. Bg2 a5 7. b5 cxb5 8. cxb5 a4
9. Nc3 Ne4 10. Nxe4 fxe4 11. Ne5 Qa5+ 12. Bd2 Qxb5 13. Bxe4 O-O 14. O-O d6 15.
Rb1 Qa6 16. Nf3 Nc6 17. Bd3 Qa7 18. Bc4+ Kh8 19. Be3 Qa5 20. Ng5 Nd8 21. Rb5 Qc7
22. Qc1 Bd7 23. Rb4 Bc6 24. d5 Bd7 25. Bb6 Qc8 26. Qe3 Nf7 27. Bd3 Nxg5 28. Qxg5
Qe8 29. Be3 Bf6 30. Qh6 b5 31. Rfb1 Qf7 32. Bxb5 Bxb5 33. Rxb5 Rac8 34. R1b4 Rc2
35. Rb8 Bg7 36. Rxf8+ Qxf8 37. Bd4 Rc8 38. Bxg7+ Qxg7 39. Qxg7+ Kxg7 40. Rxa4
Kf6 41. Ra7 Rc2 42. e4 Re2 43. f3 h5 44. h4 Rb2 45. a4 Ra2 46. a5 e6 47. Rd7 Ke5
48. Re7 Kd4 49. dxe6 Ke3 50. Rf7 1-0